Closest Genetic Populations to the Chechens - Statistics

General Stats
  • This quiz has been taken 17 times
  • The average score is 5 of 12
Answer Stats
Genetic Distance Ethnicity % Correct
2.892 Circassian
75%
1.282 Ingush
75%
2.707 Avar
63%
2.580 Ossetian
63%
2.838 Lak
56%
1.657 Lezgin
44%
2.868 Balkar
31%
2.882 Kumyk
31%
2.192 Tabasaran
13%
2.829 Kaitag
6%
2.808 Kubachi
6%
2.035 Adygei
0%
No matching quizzes found
Score Distribution
Percent of People with Each Score
Percentile by Number Answered
Your Score History
You have not taken this quiz